| 000 | 00462nam a2200181Ia 4500 | ||
|---|---|---|---|
| 008 | 240925s9999 xx 000 0 und d | ||
| 020 | _a195794362 | ||
| 082 | _a370.78 RAH | ||
| 100 | _aRahman, Tariq | ||
| 245 | 0 | _aLanguage Education and Culture | |
| 250 | _aNA | ||
| 260 |
_aKarachi: _bOxford University Press _c,1999. |
||
| 300 |
_a19p. _bNA _fOriginal |
||
| 500 | _aIncludes Index | ||
| 600 | _aSocial Sciences | ||
| 650 | _aSocial Sciences | ||
| 942 | _cBK | ||
| 999 |
_c6319 _d6319 |
||